| 000 | 00000nam 2200000za 4500 |
| 001 | 9.837817 |
| 003 | CaOODSP |
| 005 | 20231208112858 |
| 007 | cr ||||||||||| |
| 008 | 170606s2015 onc ob f000 0 eng d |
| 040 | |aCaOODSP|beng |
| 043 | |an-cn--- |
| 086 | 1 |aPS83-3/364E-PDF |
| 100 | 1 |aBeaudette, Janelle N. |
| 245 | 14|aThe impact of offender participation in the Restorative Opportunities Program |h[electronic resource] / |cJanelle N. Beaudette and Jennie Thompson. |
| 260 | |aOttawa : |bCorrectional Service of Canada, |c2015. |
| 300 | |av, 20 p. : |btables. |
| 490 | 1 |aResearch report ; |vR-364 |
| 500 | |aIssued also in French under title: Incidence de la participation des délinquants au programme Possibilités de justice réparatrice. |
| 500 | |a"March 2015." |
| 504 | |aIncludes bibliographical references. |
| 520 | |aThe purpose of the study was to compare offenders who participated in facilitated face-to-face meetings organized by Restorative Opportunities to a sample of matched non-participants on their rates of revocation while on conditional release. |
| 692 | 07|2gccst|aInmates |
| 700 | 1 |aThompson, Jennie Mae. |
| 710 | 1 |aCorrectional Service Canada. |bResearch Branch. |
| 775 | 08|tIncidence de la participation des délinquants au programme Possibilités de justice réparatrice |w(CaOODSP)9.837820 |
| 830 | #0|aResearch report (Correctional Service Canada. Research Branch)|vR-364|w(CaOODSP)9.506063 |
| 856 | 40|qPDF|s149 KB|uhttps://publications.gc.ca/collections/collection_2017/scc-csc/PS83-3-364-eng.pdf |